000 00659nam a22002177a 4500
003 UA-OsUOA
001 102431
007 ta
008 20130913b un ||||| |||| 00| 0 ukr d
100 _aДорошенко І.
090 _a330(477)
_bД69
942 _cSA
040 _aUA-OsUOA
_bukr
_cUA-OsUOA
_dUA-OsUOA
245 _aФіскальні важелі впливу на розвиток ринку капіталу на національному рівні
300 _aС.16-22
955 _a0
041 _aukr
080 _a330(477)
773 0 _w102429
_tЕкономіст
_dК.
_d2013
_g7
650 7 _a330 Економіка взагалі
_2UDC
999 _c388657
_d388657